[Event "Mittelfranken-chTB2a 0910"]
[Site "Mittelfranken"]
[Date "2010.04.18"]
[Round "9.7"]
[White "Gawlas, Gunder"]
[Black "Hintyes, Helmuth"]
[Result "0-1"]
[WhiteElo "1599"]
[BlackElo "1928"]
[PlyCount "66"]
[EventDate "2009.10.11"]
[EventType "team-tourn"]
[EventRounds "9"]
[EventCountry "GER"]
[SourceTitle "EXT 2011"]
[Source "ChessBase"]
[SourceDate "2010.11.26"]
[SourceVersion "1"]
[SourceVersionDate "2010.11.26"]
[SourceQuality "1"]
[WhiteTeam "Nuernberg NT V"]
[BlackTeam "Nuernberg Sued SW III"]
[WhiteTeamCountry "GER"]
[BlackTeamCountry "GER"]

1. e4 c5 2. Nf3 Nc6 3. Nc3 e6 4. d3 d5 5. exd5 exd5 6. Be2 Nf6 7. 0-0 Be7 8. Bf4 0-0 9. d4 Ne4 10. dxc5 Nxc3 11. bxc3 Bxc5 12. Nd4 Be6 13. Nxc6 bxc6 14. Bd3 g6 15. Qf3 Bd6 16. h4 Bxf4 17. Qxf4 Kg7 18. h5 h6 19. hxg6 fxg6 20. Qe5+ Qf6 21. Rfe1 Bf7 22. Rab1 Qxe5 23. Rxe5 Rab8 24. Rxb8 Rxb8 25. Re7 c5 26. c4 Kf8 27. Rxa7 dxc4 28. Be4 Rb1+ 29. Kh2 g5 30. a4 Rb4 31. g4 c3 32. f3 Bb3 33. cxb3 Rxe4 0-1

[Event "Mittelfranken-chTB2a 0910"]
[Site "Mittelfranken"]
[Date "2009.11.22"]
[Round "3.5"]
[White "Sand, Peter"]
[Black "Hintyes, Helmuth"]
[Result "1/2-1/2"]
[WhiteElo "1859"]
[BlackElo "1928"]
[PlyCount "97"]
[EventDate "2009.10.11"]
[EventType "team-tourn"]
[EventRounds "9"]
[EventCountry "GER"]
[SourceTitle "EXT 2011"]
[Source "ChessBase"]
[SourceDate "2010.11.26"]
[SourceVersion "1"]
[SourceVersionDate "2010.11.26"]
[SourceQuality "1"]
[WhiteTeam "Fuerth SF II"]
[BlackTeam "Nuernberg Sued SW III"]
[WhiteTeamCountry "GER"]
[BlackTeamCountry "GER"]

1. e4 c5 2. Nf3 Nc6 3. Nc3 d6 4. d4 cxd4 5. Nxd4 Bd7 6. Bc4 g6 7. Be3 Bg7 8. 0-0 Nf6 9. f3 0-0 10. Qd2 Rc8 11. Bb3 Na5 12. Rad1 Nxb3 13. axb3 a6 14. Kh1 e5 15. Nde2 Ne8 16. Nd5 f5 17. Bb6 Qh4 18. g3 Qh5 19. Ne7+ Kh8 20. Nxc8 Bxc8 21. Nc3 fxe4 22. fxe4 Bg4 23. Rxf8+ Bxf8 24. Rf1 Bh6 25. Qf2 Bh3 26. Qf7 Bxf1 27. Qxf1 Kg8 28. Qf2 Qg4 29. Kg2 Bc1 30. h3 Qe6 31. Na4 Nf6 32. Qe1 Bh6 33. c4 Bf8 34. Qe3 Qd7 35. Nc3 Qc6 36. Bd8 Nd7 37. Nd5 b5 38. Qe2 Nc5 39. Be7 Bg7 40. Qg4 bxc4 41. b4 Nd7 42. Qe6+ Kh8 43. Bxd6 Nf8 44. Qe7 Qa4 45. Bxe5 Qc2+ 46. Kf3 Qd1+ 47. Kf4 Qd2+ 48. Kf3 Qd1+ 49. Ke3 1/2-1/2

[Event "Mittelfranken-chTB2a 0809"]
[Site "Mittelfranken"]
[Date "2009.03.22"]
[Round "8.7"]
[White "Steger, Otmar"]
[Black "Hintyes, Helmuth"]
[Result "0-1"]
[WhiteElo "1980"]
[BlackElo "1891"]
[PlyCount "78"]
[EventDate "2008.10.12"]
[EventType "team"]
[EventRounds "9"]
[EventCountry "GER"]
[SourceTitle "EXT 2011"]
[Source "ChessBase"]
[SourceDate "2010.11.26"]
[SourceVersion "1"]
[SourceVersionDate "2010.11.26"]
[SourceQuality "1"]
[WhiteTeam "Nuernberg SK 1911"]
[BlackTeam "Nuernberg Sued SW III"]
[WhiteTeamCountry "GER"]
[BlackTeamCountry "GER"]

1. d4 d5 2. Nf3 e6 3. c4 c6 4. e3 Nf6 5. Nc3 Nbd7 6. Bd3 dxc4 7. Bxc4 b5 8. Bd3 Bb7 9. e4 a6 10. 0-0 c5 11. d5 exd5 12. exd5 Bd6 13. Re1+ Kf8 14. Bg5 h6 15. Bh4 g5 16. Bg3 Bxg3 17. hxg3 Nb6 18. Ne4 Nxe4 19. Bxe4 Qd6 20. Qd2 Rd8 21. Rad1 Qf6 22. Qa5 Rd6 23. b3 Kg7 24. Rc1 c4 25. bxc4 Nxc4 26. Qc7 Bxd5 27. Bxd5 Rxd5 28. Re7 Rhd8 29. Rc2 Rd1+ 30. Kh2 R8d6 31. Rce2 Rc6 32. Rxf7+ Qxf7 33. Qxc6 Qh5+ 34. Nh4 Qxe2 35. Nf5+ Kf7 36. Qc7+ Kf6 37. Qg7+ Kxf5 38. Qf7+ Ke4 39. Qe6+ Kd3 0-1

[Event "Mittelfrankenliga-B2a 0708"]
[Site "Mittelfranken"]
[Date "2007.11.25"]
[Round "3.7"]
[White "Beskardesler, Faruk"]
[Black "Hintyes, Helmuth"]
[Result "0-1"]
[WhiteElo "1640"]
[BlackElo "1889"]
[PlyCount "120"]
[EventDate "2007.10.14"]
[EventType "team-tourn"]
[EventRounds "9"]
[EventCountry "GER"]
[SourceTitle "EXT 2011"]
[Source "ChessBase"]
[SourceDate "2010.11.26"]
[SourceVersion "1"]
[SourceVersionDate "2010.11.26"]
[SourceQuality "1"]
[WhiteTeam "Erlangen BSGW"]
[BlackTeam "Nuernberg Sued SW III"]
[WhiteTeamCountry "GER"]
[BlackTeamCountry "GER"]

1. e4 c5 2. Nf3 Nc6 3. Nc3 d6 4. d4 cxd4 5. Nxd4 g6 6. Bb5 Bd7 7. Nxc6 bxc6 8. Bc4 Bg7 9. Bd2 Rb8 10. Rb1 Nf6 11. Bd3 0-0 12. 0-0 e5 13. Bg5 h6 14. Be3 Qa5 15. Qd2 Kh7 16. f4 Ng4 17. f5 Nxe3 18. Qxe3 h5 19. Qg5 Qd8 20. f6 Bh6 21. Qh4 Be6 22. h3 Rh8 23. g4 hxg4 24. hxg4 Qb6+ 25. Kg2 Qe3 26. Rh1 Kg8 27. Rh3 Qd2+ 28. Ne2 Bg7 29. Qf2 Rxh3 30. Kxh3 Bh6 31. Qxa7 Rc8 32. Qf2 Kf8 33. Rg1 Ke8 34. Qa7 Bd7 35. Qa3 Bf8 36. Qc3 Qg5 37. Ba6 Rb8 38. Qf3 Rxb2 39. Bd3 Rxa2 40. Kg3 Be6 41. Rh1 Bh6 42. Rb1 Ra8 43. Rb7 Qe3 44. Qxe3 Bxe3 45. Rb1 Bg5 46. Rf1 Ra3 47. Ng1 c5 48. Nh3 Bxf6 49. Rxf6 c4 50. Rf3 cxd3 51. cxd3 Ke7 52. Ng5 Ra1 53. Nxe6 Kxe6 54. g5 Ra4 55. Rf6+ Ke7 56. Rf3 Rd4 57. Re3 d5 58. Kg4 dxe4 59. Rxe4 Rxe4+ 60. dxe4 f6 0-1

[Event "Nuremberg LGA Cup 2nd"]
[Site "Nuremberg"]
[Date "2005.09.09"]
[Round "3.35"]
[White "Hintyes, Helmuth"]
[Black "Puehn, Georg"]
[Result "1-0"]
[WhiteElo "1823"]
[BlackElo "1900"]
[PlyCount "75"]
[EventDate "2005.09.08"]
[EventType "swiss"]
[EventRounds "7"]
[EventCountry "GER"]
[SourceTitle "EXT 2022"]
[Source "ChessBase"]
[SourceDate "2021.10.06"]
[SourceVersion "1"]
[SourceVersionDate "2021.10.06"]
[SourceQuality "1"]

1. c4 c6 2. d4 d5 3. Nc3 Nf6 4. Bg5 e6 5. e3 Nbd7 6. Nf3 Bb4 7. a3 Bxc3+ 8. bxc3 Qa5 9. Qb3 Ne4 10. Qb4 Qxb4 11. cxb4 Nxg5 12. Nxg5 a6 13. cxd5 exd5 14. Bd3 h6 15. Nf3 0-0 16. 0-0 Nf6 17. a4 Bd7 18. Ne5 Rfd8 19. Rac1 Be8 20. Rc2 Ne4 21. Bxe4 dxe4 22. f4 exf3 23. Rxf3 f6 24. Nc4 Rab8 25. a5 Bg6 26. Rc3 Rd7 27. Nb6 Re7 28. Rc5 Rd8 29. Kf2 Be4 30. Rg3 Kh7 31. Na4 f5 32. Nc3 f4 33. Nxe4 Rxe4 34. exf4 Rxf4+ 35. Ke3 Rfxd4 36. Re5 R8d7 37. Re7 Rd1 38. Rgxg7+ 1-0

[Event "Mittelfranken-chT 0405"]
[Site "Germany"]
[Date "2005.04.17"]
[Round "9.6"]
[White "Hintyes, Helmuth"]
[Black "Korth, Manfred"]
[Result "0-1"]
[WhiteElo "1823"]
[BlackElo "1837"]
[PlyCount "145"]
[EventDate "2004.10.17"]
[EventType "team"]
[EventRounds "9"]
[EventCountry "GER"]
[SourceTitle "EXT 2007"]
[Source "ChessBase"]
[SourceDate "2006.11.23"]
[SourceVersion "1"]
[SourceVersionDate "2006.11.23"]
[SourceQuality "1"]

1. c4 c6 2. d4 d5 3. Nc3 Nf6 4. Bg5 e6 5. e3 Be7 6. Nf3 0-0 7. Bd3 dxc4 8. Bxc4 Nd5 9. Bxe7 Qxe7 10. e4 Nf6 11. 0-0 Rd8 12. Qc2 Nbd7 13. Rad1 Nf8 14. Rfe1 Qc7 15. e5 Ne8 16. Ne4 b6 17. Qc1 Bb7 18. Qg5 Ng6 19. h4 Qe7 20. Qg3 h6 21. h5 Nf8 22. Bb3 c5 23. Ba4 Bxe4 24. Rxe4 cxd4 25. Bxe8 Rxe8 26. Qg4 f5 27. exf6 Qxf6 28. Rdxd4 Rad8 29. Rf4 Qe7 30. Ne5 Rxd4 31. Rxd4 Qc5 32. Qf4 Qe7 33. a3 Rc8 34. Qg3 Rc5 35. b4 Rc8 36. Rf4 Qd6 37. Rg4 Rc7 38. Qf4 Nh7 39. f3 Ng5 40. Rxg5 hxg5 41. Qxg5 Qe7 42. Qg3 Rc1+ 43. Kh2 Qf6 44. Ng6 Rd1 45. Qb8+ Qd8 46. Ne7+ Kh7 47. Qxd8 Rxd8 48. Nc6 Rd7 49. b5 Kh6 50. g4 Rd3 51. Nxa7 Rxa3 52. Nc8 Rxf3 53. Nxb6 Rb3 54. Nd7 Rxb5 55. Kg3 Kg5 56. Nf8 Rb3+ 57. Kf2 e5 58. Ne6+ Kf6 59. Nc5 Ra3 60. Ne4+ Ke6 61. Ng3 Kd5 62. Nf5 Ra7 63. Ke3 Ke6 64. Nh4 Kf6 65. Nf3 Ra1 66. g5+ Kf5 67. h6 gxh6 68. gxh6 Ra7 69. Nh4+ Kf6 70. Nf3 Rh7 71. Nh2 Kf5 72. Nf1 Rxh6 73. Ng3+ 0-1

[Event "Mittelfranken-chT 0405"]
[Site "Germany"]
[Date "2005.01.23"]
[Round "5.7"]
[White "Hagen, Joern"]
[Black "Hintyes, Helmuth"]
[Result "0-1"]
[WhiteElo "1546"]
[BlackElo "1792"]
[PlyCount "94"]
[EventDate "2004.10.17"]
[EventType "team"]
[EventRounds "9"]
[EventCountry "GER"]
[SourceTitle "EXT 2007"]
[Source "ChessBase"]
[SourceDate "2006.11.23"]
[SourceVersion "1"]
[SourceVersionDate "2006.11.23"]
[SourceQuality "1"]

1. Nf3 d5 2. d4 Nf6 3. c4 c6 4. Nc3 e6 5. Bg5 Nbd7 6. e3 h6 7. Bf4 Be7 8. Be2 dxc4 9. Bxc4 b5 10. Bd3 Bb7 11. Rc1 a6 12. 0-0 c5 13. dxc5 Nxc5 14. Be2 Qb6 15. Qc2 Rc8 16. Qb1 b4 17. Nd1 Be4 18. Qa1 0-0 19. b3 Nd3 20. Rxc8 Rxc8 21. Nb2 Nxf4 22. exf4 Nd5 23. Nc4 Qb7 24. Qd4 Nxf4 25. Qe3 Nxe2+ 26. Qxe2 Rd8 27. Rd1 Rxd1+ 28. Qxd1 Bxf3 29. gxf3 Qd5 30. Qe2 Bc5 31. Qe4 Qd4 32. Qxd4 Bxd4 33. Ne3 Kf8 34. f4 Ke7 35. Kg2 g5 36. Kf3 f5 37. fxg5 Bxe3 38. Kxe3 hxg5 39. f3 e5 40. Kd3 Kd6 41. Kc4 a5 42. h3 Kc6 43. Kd3 Kd5 44. Ke3 e4 45. f4 gxf4+ 46. Kxf4 Kd4 47. h4 e3 0-1

[Event "Mittelfranken Mitte-ch 0405"]
[Site "Zirndorf"]
[Date "2005.??.??"]
[Round "5"]
[White "Hintyes, Helmuth"]
[Black "Goetz, Dieter"]
[Result "0-1"]
[WhiteElo "1792"]
[BlackElo "1875"]
[PlyCount "68"]
[EventDate "2005.01.02"]
[EventType "swiss"]
[EventRounds "7"]
[EventCountry "GER"]
[SourceTitle "EXT 2015"]
[Source "ChessBase"]
[SourceDate "2014.11.20"]
[SourceVersion "1"]
[SourceVersionDate "2014.11.20"]
[SourceQuality "1"]

1. c4 Nf6 2. d4 d6 3. Nc3 Nbd7 4. e4 e5 5. d5 Nc5 6. f3 a5 7. Na4 Nfd7 8. Be3 b6 9. Nxc5 Nxc5 10. Ne2 Be7 11. Nc3 Bd7 12. a4 0-0 13. Nb5 f5 14. Bxc5 bxc5 15. exf5 Bxf5 16. Bd3 Bg5 17. Bxf5 Rxf5 18. Qd3 Rf6 19. 0-0 Rh6 20. g3 Qd7 21. Ra2 Rf8 22. b3 Rff6 23. Rff2 Rfg6 24. Kh1 Bd8 25. g4 Rh3 26. Nc3 Rxg4 27. Nb5 Rf4 28. Rae2 Qf7 29. Re3 Bh4 30. Rf1 Bg3 31. Qe2 Rfh4 32. Rf2 Bxf2 33. Qxf2 Qf4 34. Re2 Rxf3 0-1

[Event "Mittelfranken-chT 0405"]
[Site "Germany"]
[Date "2004.10.17"]
[Round "1.8"]
[White "Hintyes, Helmuth"]
[Black "Kuth, Hans"]
[Result "1-0"]
[WhiteElo "1811"]
[BlackElo "1677"]
[PlyCount "63"]
[EventDate "2004.10.17"]
[EventType "team"]
[EventRounds "9"]
[EventCountry "GER"]
[SourceTitle "EXT 2007"]
[Source "ChessBase"]
[SourceDate "2006.11.23"]
[SourceVersion "1"]
[SourceVersionDate "2006.11.23"]
[SourceQuality "1"]

1. c4 c5 2. e3 e5 3. Nc3 Nc6 4. Nf3 d6 5. d4 Bg4 6. d5 Nce7 7. h3 Bh5 8. Ne4 Nc8 9. Qa4+ Qd7 10. Qxd7+ Kxd7 11. g4 Bg6 12. Nc3 f5 13. gxf5 Bxf5 14. Nh4 Nge7 15. e4 Bg6 16. f4 exf4 17. Bxf4 h6 18. Be2 a6 19. Bg4+ Kc7 20. Nxg6 Nxg6 21. Bh2 Be7 22. 0-0-0 Bf6 23. Rhf1 Re8 24. Bh5 Nce7 25. Rg1 Bg5+ 26. Rxg5 hxg5 27. e5 Nf4 28. Bxe8 Rxe8 29. exd6+ Kxd6 30. Ne4+ Kd7 31. Nxc5+ Kc8 32. Bxf4 1-0

[Event "Seebach op 15th"]
[Site "Grossenseebach"]
[Date "2004.06.17"]
[Round "5"]
[White "Hintyes, Helmuth"]
[Black "Hirneise, Tobias"]
[Result "1/2-1/2"]
[WhiteElo "1835"]
[BlackElo "1948"]
[PlyCount "81"]
[EventDate "2004.06.17"]
[EventType "swiss"]
[EventRounds "7"]
[EventCountry "GER"]
[SourceTitle "EXT 2018"]
[Source "ChessBase"]
[SourceDate "2017.10.13"]
[SourceVersion "1"]
[SourceVersionDate "2017.10.13"]
[SourceQuality "1"]

1. c4 Nf6 2. d4 e5 3. dxe5 Ne4 4. g3 Bb4+ 5. Nd2 f6 6. Bg2 Nxd2 7. Bxd2 Bxd2+ 8. Qxd2 fxe5 9. Nf3 Nc6 10. 0-0 d6 11. Rad1 Qe7 12. b4 0-0 13. b5 Nd8 14. Ng5 h6 15. Nh3 Kh8 16. f4 Bxh3 17. Bxh3 exf4 18. Rxf4 Rxf4 19. Qxf4 Nf7 20. Bg2 Rb8 21. Qf2 b6 22. Rf1 Ng5 23. h4 Ne4 24. Qe3 Re8 25. Rf4 Nf6 26. Qxe7 Rxe7 27. Bf3 Re5 28. Kf2 Kg8 29. g4 Kf8 30. Rf5 Rxf5 31. gxf5 Ke7 32. Kg3 Nd7 33. Kf4 Ne5 34. Bd5 Kf6 35. h5 Nd7 36. Be6 Nc5 37. Bc8 Na4 38. e3 Nc3 39. a3 Ke7 40. Be6 Kf6 41. Bg8 1/2-1/2

[Event "Nuremberg-ch op 03rd"]
[Site "Nuremberg"]
[Date "2003.06.01"]
[Round "5"]
[White "Hintyes, Helmuth"]
[Black "Roth, Walter"]
[Result "1-0"]
[WhiteElo "1836"]
[BlackElo "1627"]
[PlyCount "35"]
[EventDate "2003.05.30"]
[EventType "swiss"]
[EventRounds "5"]
[EventCountry "GER"]
[SourceTitle "EXT 2006"]
[Source "ChessBase"]
[SourceDate "2005.11.24"]
[SourceVersion "1"]
[SourceVersionDate "2005.11.24"]
[SourceQuality "1"]

1. c4 g6 2. d4 Bg7 3. e4 c5 4. d5 d6 5. Nc3 Bxc3+ 6. bxc3 e5 7. Be2 Nd7 8. Nf3 Nb6 9. Be3 h6 10. Nd2 Ne7 11. f4 f6 12. 0-0 g5 13. Bh5+ Kd7 14. fxe5 Kc7 15. exf6 Ng8 16. f7 Ne7 17. e5 dxe5 18. Bxc5 1-0

[Event "Nuremberg-ch op 03rd"]
[Site "Nuremberg"]
[Date "2003.05.30"]
[Round "1"]
[White "Hintyes, Helmuth"]
[Black "Grimm, Pascal"]
[Result "1-0"]
[WhiteElo "1836"]
[BlackElo "1242"]
[PlyCount "65"]
[EventDate "2003.05.30"]
[EventType "swiss"]
[EventRounds "5"]
[EventCountry "GER"]
[SourceTitle "EXT 2006"]
[Source "ChessBase"]
[SourceDate "2005.11.24"]
[SourceVersion "1"]
[SourceVersionDate "2005.11.24"]
[SourceQuality "1"]

1. c4 e5 2. e3 Nc6 3. Nc3 d6 4. d4 g6 5. d5 Nce7 6. Bd3 Bg7 7. e4 f5 8. f4 exf4 9. Bxf4 Nf6 10. Qe2 0-0 11. 0-0-0 Nd7 12. Bg5 Ne5 13. Nf3 Qe8 14. Rhe1 fxe4 15. Bxe4 Bf5 16. Nxe5 Bxe5 17. Bh6 Rf7 18. g4 Bd7 19. h4 Bf4+ 20. Bxf4 Rxf4 21. Bf3 Rf7 22. Ne4 h6 23. g5 h5 24. Nf6+ Rxf6 25. gxf6 Nf5 26. Qg2 Qf7 27. Qg5 Kh7 28. Be4 Re8 29. Bxf5 Bxf5 30. Kd2 Kg8 31. Rxe8+ Qxe8 32. Re1 Qc8 33. Qh6 1-0

[Event "Erlangen op 18th"]
[Site "Erlangen"]
[Date "2003.??.??"]
[Round "2"]
[White "Bomert, Egon"]
[Black "Hintyes, Helmuth"]
[Result "1/2-1/2"]
[WhiteElo "1917"]
[BlackElo "1829"]
[PlyCount "36"]
[EventDate "2003.11.??"]
[EventType "swiss"]
[EventRounds "5"]
[EventCountry "GER"]
[SourceTitle "EXT 2005"]
[Source "ChessBase"]
[SourceDate "2004.11.15"]
[SourceVersion "1"]
[SourceVersionDate "2004.11.15"]
[SourceQuality "1"]

1. d4 Nf6 2. Nf3 d5 3. c4 c6 4. g3 Bf5 5. Nc3 e6 6. Bg2 Bb4 7. Qb3 a5 8. c5 b5 9. 0-0 Bxc3 10. Qxc3 Be4 11. Bf4 0-0 12. Bd6 Re8 13. Qe3 h6 14. Qf4 Nbd7 15. Ne5 Nxe5 16. Bxe5 Bxg2 17. Kxg2 Nd7 18. Bc7 Qe7 1/2-1/2